<?xml version="1.0" encoding="UTF-8"?>
<collection xmlns="http://www.loc.gov/MARC21/slim">
 <record>
  <leader>02159pam a22002658a 4500</leader>
  <controlfield tag="001">00041753</controlfield>
  <controlfield tag="005">20180726160743.0</controlfield>
  <controlfield tag="008">161128s2016                  ||||||Viesd</controlfield>
  <datafield tag="020" ind1="#" ind2="#">
   <subfield code="a">9786040132710</subfield>
   <subfield code="c">100000</subfield>
  </datafield>
  <datafield tag="041" ind1="0" ind2="#">
   <subfield code="a">Vie</subfield>
  </datafield>
  <datafield tag="082" ind1="1" ind2="4">
   <subfield code="a">516.300 71</subfield>
   <subfield code="b">GI108TR</subfield>
  </datafield>
  <datafield tag="100" ind1="1" ind2="#">
   <subfield code="e">Chủ biên</subfield>
   <subfield code="a">Trần, Lê Nam</subfield>
  </datafield>
  <datafield tag="245" ind1="1" ind2="0">
   <subfield code="a">Giáo trình hình học vi phân</subfield>
   <subfield code="c">Trần Lê Nam (ch.b); Phan Thị Hiệp, Nguyễn Thị Nhành</subfield>
  </datafield>
  <datafield tag="260" ind1="#" ind2="#">
   <subfield code="a">Hà Nội</subfield>
   <subfield code="b">Giáo dục</subfield>
   <subfield code="c">2018</subfield>
  </datafield>
  <datafield tag="300" ind1="#" ind2="#">
   <subfield code="a">146 tr.</subfield>
   <subfield code="c">24 cm.</subfield>
  </datafield>
  <datafield tag="650" ind1="#" ind2="4">
   <subfield code="a">Hình học vi phân</subfield>
  </datafield>
  <datafield tag="653" ind1="#" ind2="#">
   <subfield code="a">Bài tập</subfield>
  </datafield>
  <datafield tag="653" ind1="#" ind2="#">
   <subfield code="a">Giáo trình</subfield>
  </datafield>
  <datafield tag="653" ind1="#" ind2="#">
   <subfield code="a">Hình học vi phân</subfield>
  </datafield>
  <datafield tag="653" ind1="#" ind2="#">
   <subfield code="a">Toán học</subfield>
  </datafield>
  <datafield tag="700" ind1="1" ind2="#">
   <subfield code="a">Nguyễn, Thị Nhành</subfield>
  </datafield>
  <datafield tag="700" ind1="1" ind2="#">
   <subfield code="a">Phan, Thị Hiệp</subfield>
  </datafield>
  <datafield tag="852" ind1="#" ind2="#">
   <subfield code="j">KD.0023903</subfield>
   <subfield code="j">KGT.0054062</subfield>
   <subfield code="j">KGT.0054063</subfield>
   <subfield code="j">KGT.0054064</subfield>
   <subfield code="j">KGT.0054065</subfield>
   <subfield code="j">KGT.0054066</subfield>
   <subfield code="j">KGT.0054067</subfield>
   <subfield code="j">KGT.0054068</subfield>
   <subfield code="j">KGT.0054069</subfield>
   <subfield code="j">KGT.0054070</subfield>
   <subfield code="j">KGT.0054071</subfield>
   <subfield code="j">KGT.0054072</subfield>
   <subfield code="j">KGT.0054073</subfield>
   <subfield code="j">KGT.0054074</subfield>
   <subfield code="j">KGT.0054075</subfield>
   <subfield code="j">KGT.0054076</subfield>
   <subfield code="j">KGT.0054077</subfield>
   <subfield code="j">KGT.0054078</subfield>
   <subfield code="j">KGT.0054079</subfield>
   <subfield code="j">KGT.0054080</subfield>
   <subfield code="j">KGT.0054081</subfield>
   <subfield code="j">KGT.0054082</subfield>
   <subfield code="j">KGT.0054083</subfield>
   <subfield code="j">KGT.0054084</subfield>
   <subfield code="j">KGT.0054085</subfield>
   <subfield code="j">KGT.0054086</subfield>
   <subfield code="j">KGT.0054087</subfield>
   <subfield code="j">KGT.0054088</subfield>
   <subfield code="j">KGT.0054089</subfield>
   <subfield code="j">KGT.0054091</subfield>
   <subfield code="j">KGT.0054092</subfield>
   <subfield code="j">KGT.0054093</subfield>
   <subfield code="j">KGT.0054094</subfield>
   <subfield code="j">KGT.0054095</subfield>
   <subfield code="j">KGT.0054096</subfield>
   <subfield code="j">KGT.0054097</subfield>
   <subfield code="j">KGT.0054098</subfield>
   <subfield code="j">KGT.0054099</subfield>
   <subfield code="j">KGT.0054100</subfield>
   <subfield code="j">KGT.0054101</subfield>
   <subfield code="j">KGT.0054102</subfield>
   <subfield code="j">KGT.0054103</subfield>
   <subfield code="j">KGT.0054104</subfield>
   <subfield code="j">KGT.0054105</subfield>
   <subfield code="j">KGT.0054106</subfield>
   <subfield code="j">KGT.0054107</subfield>
   <subfield code="j">KGT.0054108</subfield>
   <subfield code="j">KGT.0054109</subfield>
   <subfield code="j">KGT.0054110</subfield>
   <subfield code="j">KGT.0054111</subfield>
   <subfield code="j">KGT.0054112</subfield>
   <subfield code="j">KGT.0054113</subfield>
   <subfield code="j">KGT.0054114</subfield>
   <subfield code="j">KGT.0054115</subfield>
   <subfield code="j">KGT.0054116</subfield>
   <subfield code="j">KGT.0054117</subfield>
   <subfield code="j">KGT.0054118</subfield>
   <subfield code="j">KGT.0054119</subfield>
   <subfield code="j">KGT.0054120</subfield>
   <subfield code="j">KGT.0054121</subfield>
   <subfield code="j">KGT.0054122</subfield>
   <subfield code="j">KGT.0054123</subfield>
   <subfield code="j">KGT.0054124</subfield>
   <subfield code="j">KGT.0054125</subfield>
   <subfield code="j">KGT.0054126</subfield>
   <subfield code="j">KGT.0054127</subfield>
   <subfield code="j">KGT.0054128</subfield>
   <subfield code="j">KGT.0054129</subfield>
   <subfield code="j">KGT.0054130</subfield>
   <subfield code="j">KGT.0054131</subfield>
   <subfield code="j">KGT.0054132</subfield>
   <subfield code="j">KGT.0054133</subfield>
   <subfield code="j">KGT.0054134</subfield>
   <subfield code="j">KGT.0054135</subfield>
   <subfield code="j">KGT.0054136</subfield>
   <subfield code="j">KGT.0054137</subfield>
   <subfield code="j">KGT.0054138</subfield>
   <subfield code="j">KGT.0054139</subfield>
   <subfield code="j">KGT.0054140</subfield>
   <subfield code="j">KGT.0054141</subfield>
   <subfield code="j">KGT.0054142</subfield>
   <subfield code="j">KGT.0054143</subfield>
   <subfield code="j">KGT.0054144</subfield>
   <subfield code="j">KGT.0054145</subfield>
   <subfield code="j">KGT.0054146</subfield>
   <subfield code="j">KGT.0054147</subfield>
   <subfield code="j">KGT.0054148</subfield>
   <subfield code="j">KGT.0054149</subfield>
   <subfield code="j">KGT.0054150</subfield>
   <subfield code="j">KGT.0054151</subfield>
   <subfield code="j">KGT.0054152</subfield>
   <subfield code="j">KGT.0054153</subfield>
   <subfield code="j">KGT.0054154</subfield>
   <subfield code="j">KGT.0054155</subfield>
   <subfield code="j">KGT.0054156</subfield>
   <subfield code="j">KGT.0054157</subfield>
   <subfield code="j">KGT.0054158</subfield>
   <subfield code="j">KGT.0054159</subfield>
   <subfield code="j">KGT.0054160</subfield>
  </datafield>
  <datafield tag="910" ind1=" " ind2=" ">
   <subfield code="d">24/07/2018</subfield>
  </datafield>
  <datafield tag="980" ind1="#" ind2="#">
   <subfield code="a">Trung tâm Học liệu Lê Vũ Hùng, Trường Đại học Đồng Tháp</subfield>
  </datafield>
 </record>
</collection>
